| 000 | 00621nam a22001457a 4500 | ||
|---|---|---|---|
| 020 | _a978-93-81438-68-8 | ||
| 082 |
_a823 _bDOY/T |
||
| 100 | _aDOYLE, ARTHUR CONAN | ||
| 245 | _aTALES OF TERROR & MYSTERY | ||
| 260 |
_aDELHI _bLITTLE SCHOLARZ PVT LTD _c2015 |
||
| 300 | _a240 | ||
| 520 | _aIn this tale of terror, a leather funnel tells the tale of a horrbile execution. Two enemies, Kennedy and Burger, are students of Roman remains. Burger embarks on a three week affair with a girl and returns alone, also having found a new catacomb. Kennedy attempts to get the story from him. | ||
| 650 |
_aNOVEL _zINDIA |
||
| 942 | _cBK | ||
| 999 |
_c3030 _d3030 |
||